| 000 | 00454nam a22001697a 4500 | ||
|---|---|---|---|
| 005 | 20260306134518.0 | ||
| 008 | 260306b |||||||| |||| 00| 0 eng d | ||
| 020 | _a9780821446577 | ||
| 050 |
_aHV6433 _b.K46 |
||
| 100 | _aKendhammer, Brandon | ||
| 245 | _aBoko Haram | ||
| 260 |
_aAthens _bOhio University Press _c2018 |
||
| 300 |
_a219 _bIll |
||
| 650 |
_aAbduction- Nigeria _vKidnapping Victims- Nigeria |
||
| 700 | _aMc Cain, Carmen | ||
| 942 | _cBK | ||
| 999 |
_c4599 _d4599 |
||